000 00722cam a2200253 4500
001 2661956
003 OSt
005 20140310182055.0
008 730423s1973 xx a b 001 0ceng
010 _a 72093237
040 _aDLC
_cDLC
_dDLC
043 _ae-ur---
050 0 0 _aUB 271.R9
_b.F198 1973
082 0 0 _aHS 327.1209
_bF21 1973
245 1 0 _aFamous Soviet spies; the Kremlin's secret weapon /
260 _aWashington :
_bBooks by U.S. News & World Report,
_cc1973.
300 _a223 p. :
_bill. ;
_c23 cm.
350 _a$2.95
650 0 _aEspionage, Soviet.
_912342
650 0 _aSpies
_zSoviet Union.
_912343
906 _a7
_bcbc
_corignew
_d2
_eopcn
_f19
_gy-gencatlg
942 _2lcc
_cHS
999 _c9072
_d9072